Statistics for Top 20 Words Starting with SH

Click here to take the quiz!

General Stats

  • This quiz has been taken 485 times
  • The average score is 11 of 20

Answer Stats

rank letters word % Correct
13she
97%
104ship
80%
34show
79%
74shop
77%
55shall
75%
26should
69%
114shot
67%
45share
66%
85shape
63%
154shut
57%
125shake
57%
165shoot
53%
65short
51%
175shock
46%
185shout
42%
145sheet
40%
205shirt
38%
98shoulder
32%
135shift
27%
196shadow
27%

Score Distribution

Percentile by Number Answered

Percent of People with Each Score

Your Score History

You have not taken this quiz